000
00307nam a22001217a 4500
003
SGT
082
_a
346.040
_b
AIY
100
_a
AIYAR , P RAMANATHA
245
_a
THE INDIAN SALE OF GOODS ACT(III OF 1930)
260
_a
LAHORE , PAKISTAN
_b
UNIVERSITY BOOK AGENCY
_c
1930
300
_a
XV , 208
942
_2
ddc
_c
BK
999
_c
21685
_d
21685